| 000 | 00676nam a22001937a 4500 | ||
|---|---|---|---|
| 005 | 20170824105507.0 | ||
| 010 | _aENG-120088 | ||
| 020 |
_a9789386224576 _c699.00 |
||
| 035 | _aEN-103620 | ||
| 037 | _bDBAD/PUB | ||
| 082 | _a337.109 | ||
| 100 | _aGarten, Jeffrey E. | ||
| 245 |
_aFrom silk to silicon : _bthe story of globalization through ten extraordinary lives / _cby Jeffrey E. Garten |
||
| 260 |
_aNew Delhi _bTranquebar Press An imprint of Westlamd Publications _c2017 |
||
| 270 |
_a93,I Floor, Sham Lal Road, Daryaganj, _bNew Delhi _e110002 |
||
| 300 |
_axv,434p. : _bill. _c25cm(Hb) |
||
| 500 | _aIncludes index | ||
| 942 |
_2ddc _cEN _h337.109 _mGAR |
||
| 999 |
_c143738 _d143738 |
||